South Eastern Kenya University

Library Online Public Access Catalogue


People, plants, and patents : the impact of intellectual property on biodiversity, conservation, trade, and rural society (Record no. 17290)

MARC details
000 -LEADER
fixed length control field 00788nam a22002177a 4500
003 - CONTROL NUMBER IDENTIFIER
control field OSt
005 - DATE AND TIME OF LATEST TRANSACTION
control field 20190206101733.0
008 - FIXED-LENGTH DATA ELEMENTS--GENERAL INFORMATION
fixed length control field 190206b ||||| |||| 00| 0 eng d
020 ## - INTERNATIONAL STANDARD BOOK NUMBER
International Standard Book Number 9780889367258
020 ## - INTERNATIONAL STANDARD BOOK NUMBER
International Standard Book Number 08889367256
040 ## - CATALOGING SOURCE
Original cataloging agency SEKU
050 ## - LIBRARY OF CONGRESS CALL NUMBER
Classification number K 3876
Item number .P4
110 ## - MAIN ENTRY--CORPORATE NAME
Relator code Crucible Group.
245 ## - TITLE STATEMENT
Title People, plants, and patents : the impact of intellectual property on biodiversity, conservation, trade, and rural society
260 ## - PUBLICATION, DISTRIBUTION, ETC. (IMPRINT)
Place of publication, distribution, etc. Ottawa :
Name of publisher, distributor, etc. International Development Research Centre,
Date of publication, distribution, etc. 1994.
300 ## - PHYSICAL DESCRIPTION
Extent 116p.:
650 ## - SUBJECT ADDED ENTRY--TOPICAL TERM
Source of heading or term Plant varieties--Patents.
Topical term or geographic name as entry element Germplasm resources, Plant.
General subdivision Biodiversity conservation.
650 ## - SUBJECT ADDED ENTRY--TOPICAL TERM
Topical term or geographic name as entry element Germplasm resources
General subdivision Plants, Cultivated--Patents.
651 ## - SUBJECT ADDED ENTRY--GEOGRAPHIC NAME
General subdivision Plant--Law and legislation.
942 ## - ADDED ENTRY ELEMENTS (KOHA)
Source of classification or shelving scheme Library of Congress Classification
Koha item type General circulation
Holdings
Withdrawn status Lost status Source of classification or shelving scheme Damaged status Not for loan Home library Current library Shelving location Date acquired Source of acquisition Total Checkouts Full call number Barcode Date last seen Price effective from Koha item type
    Library of Congress Classification     Main Campus Library Main Campus Library General Stacks 06/02/2019 Donation - Book Aid   K 3876 .P4 2018/020256 06/02/2019 06/02/2019 General circulation
Kitui, Kenya.
+254736116989
library@seku.ac.ke